[Event "ASKO Klubbmesterskap 2010"]
[Site "Oslo"]
[Date "2010.06.01"]
[Round "9"]
[White "Øhman, Kjell Tage"]
[Black "Briseid, Håkon"]
[Result "0-1"]
[WhiteElo "1659"]
[BlackElo "1992"]
[PlyCount "76"]
[EventDate "2010.06.01"]

1. e4 c5 2. Nf3 d6 3. Bb5+ Bd7 4. Bxd7+ Qxd7 5. O-O g6 6. c3 Bg7 7. d4 cxd4 8.
cxd4 Nf6 9. Nc3 O-O 10. Qe2 Nc6 11. Rd1 Rab8 12. Bg5 Ne8 13. Qe3 b5 14. Bh6 b4
15. Bxg7 Kxg7 16. Ne2 Nf6 17. h3 Rfc8 18. Nf4 Rb5 19. Rac1 Qb7 20. e5 Nd5 21.
Nxd5 Rxd5 22. exd6 exd6 23. Qe4 Ra5 24. d5 Ne7 25. Rxc8 Nxc8 26. Qe8 Rxa2 27.
Rc1 Nb6 28. Nd4 Qxd5 29. Nc6 Rxb2 30. Nd8 Nc4 31. Nc6 Rxf2 32. Qg8+ Kxg8 33.
Ne7+ Kf8 34. Nxd5 Rd2 35. Nxb4 Ne3 36. Rc7 Rxg2+ 37. Kh1 a5 38. Nd5 Rc2 0-1